| 000 | 01184nam a2200325 i 4500 | ||
|---|---|---|---|
| 001 | 000037761 | ||
| 003 | DO-SdBNP | ||
| 005 | 20231128095917.0 | ||
| 007 | ta | ||
| 008 | 130305s2012 dr a 000 0bspa d | ||
| 020 | _a9789945408652 | ||
| 040 |
_aDO-SdBNP _bspa _cBNPHU _erda |
||
| 082 | 4 |
_a927.82 _bJ36s _222 |
|
| 100 | 1 |
_aJáquez, José, _91321 _eautor |
|
| 245 | 1 | 0 |
_aSi quiere venir, que venga... : _bbiografía de Fefita la Grande / _cJosé Jáquez ; prólogo, Ramón Colombo. |
| 264 |
_aSanto Domingo : _bArgos, _c2012. |
||
| 300 |
_a157 páginas : _bilustraciones, retratos ; _c22 cm. |
||
| 336 |
_2rdacontent _atexto _btxt |
||
| 337 |
_2rdamedia _asin mediación _bn |
||
| 338 |
_2rdacarrier _avolumen _bnc |
||
| 500 | _aIncluye datos biográficos del autor en la solapa de la cubierta | ||
| 500 | _aIncluye referencias bibliográficas y notas al pie de las páginas | ||
| 590 | _aInventariado, 2023/BT | ||
| 600 | 1 | 4 |
_aCabrera Tavárez, Manuela Josefa _d1944- _964215 |
| 650 | 4 |
_aCantantes dominicanos _958485 |
|
| 650 | 4 |
_aArtistas dominicanos _958025 |
|
| 700 | 1 |
_aColombo, Ramón, _eprólogo _98369 |
|
| 910 | _aValidado. Control de calidad MFF | ||
| 942 |
_2ddc _cLBS1 |
||
| 999 |
_c37251 _d37251 |
||